00262nam a2200109Ia 4500100001100000654001800011245003000029260005500059082001900114300000700133546001200140 aAICTE  asatellite TV aSatellite TV C-NO : 345 bContinuing Education Programmer AICTEaBangalore a621.388bAICTE a62 aENGLISH